Flower and vegetable plant breeding

Gespeichert in:
Bibliographische Detailangaben
1. Verfasser: Leslie Watts
Format: Buch
Sprache:Undetermined
Veröffentlicht: London Grower Books
Schlagworte:
Tags: Tag hinzufügen
Keine Tags, Fügen Sie den ersten Tag hinzu!
Thư viện lưu trữ: Trung tâm Học liệu Trường Đại học Cần Thơ
LEADER 00452nam a2200169Ia 4500
001 CTU_29981
008 210402s9999 xx 000 0 und d
082 |a 581.15 
082 |b W348 
100 |a Leslie Watts 
245 0 |a Flower and vegetable plant breeding 
245 0 |c Leslie Watts 
260 |a London 
260 |b Grower Books 
650 |a plant breeding 
904 |i Liên, 990121 
980 |a Trung tâm Học liệu Trường Đại học Cần Thơ